| 000 | 00677nam a22002057a 4500 | ||
|---|---|---|---|
| 003 | OSt | ||
| 008 | 260627b |||||||| |||| 00| 0 eng d | ||
| 020 | _a9781942426363 | ||
| 082 |
_a954.04 _bA26H |
||
| 100 | _aAggarwal, S.N. | ||
| 245 |
_aSardar Patel: _bThe Supreme Architrect In Unification of India _cAggarwal, S.N. (Justice) |
||
| 260 |
_aGurugram, Haryana _bGaruda Prakashan _c2020 |
||
| 300 | _axxxv., 457p. | ||
| 365 | _e599.00, INR | ||
| 650 | _aIndia $x History $y 1947 | ||
| 650 | _aNation-building $z India $x History. | ||
| 650 | _aPrincely states $z India $x History $y 20th century. | ||
| 650 | _aIntegrated States of India $x History. | ||
| 942 |
_2ddc _cBK |
||
| 999 |
_c52397 _d52397 |
||